Wereldsteden - Statistieken

Algemene statistieken
  • Deze quiz is 251 keer genomen
  • De gemiddelde score is 18 van 24
Antwoorden op de kaart
Antwoorden kleurgecodeerd door een groen-rode schaal op de quizkaart volgens % correct hieronder.
 
Antwoordstatistieken
Tier Stad % Correct
Alpha++ Londen
96%
Alpha Amsterdam
95%
Alpha++ New York
95%
Alpha+ Parijs
93%
Alpha Brussel
92%
Alpha Madrid
91%
Alpha Moskou
90%
Alpha+ Tokio
88%
Alpha Milaan
85%
Alpha Mexico-Stad
84%
Alpha Sydney
83%
Alpha Los Angeles
79%
Alpha+ Peking
75%
Alpha+ Dubai
73%
Alpha Jakarta
63%
Alpha+ Singapore
62%
Alpha Frankfurt
60%
Alpha+ Hong Kong
59%
Alpha Chicago
57%
Alpha Mumbai
56%
Alpha Toronto
55%
Alpha+ Shanghai
53%
Alpha São Paulo
48%
Alpha Kuala Lumpur
42%
Geen overeenkomende quizzen gevonden
Scoreverdeling
Procent van Mensen met Elke Score
Percentiel versus Aantal Correcte Antwoorden
Uw Scoregeschiedenis
U heeft deze quiz nog niet genomen